Statistiken für Zweitgrößte Städte in Europa

Klicken Sie hier um das Quiz zu spielen!

Allgemein

  • Dieses Quiz wurde 594 mal gespielt
  • Das Durchschnittsergebnis liegt bei 19 aus 45

Antwortstatistiken

LänderZweitgrößte Stadt% Korrekt
DeutschlandHamburg
95%
ItalienMailand
90%
SpanienBarcelona
88%
FrankreichMarseille
87%
RusslandSankt Petersburg
86%
NiederlandeRotterdam
85%
PortugalPorto
81%
ÖsterreichGraz
78%
SchweizGenf
77%
Vereinigtes KönigreichBirmingham
75%
PolenKrakau
72%
BelgienAntwerpen
69%
NorwegenBergen
65%
SchwedenGöteborg
65%
MonacoMonaco / Monte Carlo
63%
GriechenlandThessaloniki
61%
KroatienSplit
60%
VatikanstadtVatikanstadt
57%
IrlandCork
49%
DänemarkAarhus
46%
TschechienBrünn
44%
UkraineCharkiw
33%
LiechtensteinVaduz
33%
RumänienCluj-Napoca
29%
SerbienNovi Sad
28%
SlowenienMaribor
27%
LuxemburgEsch an der Alzette
25%
LitauenKaunas
25%
UngarnDebrecen
24%
FinnlandEspoo
20%
SlowakeiKošice
18%
MoldawienTiraspol
18%
Bosnien und HerzegowinaBanja Luka
17%
BulgarienPlovdiv
17%
WeißrußlandHomel
15%
MaltaMosta
14%
AlbanienDurrës
13%
EstlandTartu
11%
LettlandDaugavpils
10%
KosovoPrizren
8%
MazedonienBitola
5%
IslandKópavogur
5%
MontenegroNikšić
4%
San MarinoBorgo Maggiore
2%
AndorraEscaldes-Engordany
2%

Verteilung der Resultate

Perzentil nach korrekt beantworteten Fragen

Anzahl Personen mit jedem Resultat

Ihre Resultats-Entwicklung

Sie haben dieses Quiz noch nicht gespielt